[Event "Sachsen-Anhalt-ch Masters"]
[Site "Magdeburg"]
[Date "2022.10.29"]
[Round "1"]
[White "Hentzgen, Thomas"]
[Black "Koenig, Marco"]
[Result "1-0"]
[WhiteElo "2007"]
[BlackElo "2129"]
[PlyCount "106"]
[EventDate "2022.10.29"]
[EventType "swiss"]
[EventRounds "7"]
[EventCountry "GER"]
[SourceTitle "CBM 211 Extra"]
[Source "ChessBase"]
[SourceDate "2023.01.31"]
[SourceVersion "1"]
[SourceVersionDate "2023.01.31"]
[SourceQuality "1"]

1. Nf3 d5 2. b3 Nf6 3. Bb2 e6 4. e3 c5 5. c4 Be7 6. cxd5 exd5 7. d4 0-0 8. Be2 Nc6 9. dxc5 Bxc5 10. 0-0 Ne4 11. Nc3 Be6 12. Na4 Be7 13. Rc1 Qa5 14. Qd3 Rac8 15. Qb5 Qxb5 16. Bxb5 a6 17. Bd3 Rfd8 18. Nb6 Rb8 19. Nd4 Nxd4 20. Bxd4 f6 21. Rfd1 Kf8 22. f3 Ng5 23. h4 Nf7 24. Bxh7 Ne5 25. Kf2 Nc6 26. Bc5 Bxc5 27. Rxc5 d4 28. exd4 Rxd4 29. Rxd4 Nxd4 30. Rc7 Rd8 31. Rxb7 Nc6 32. Be4 Nb4 33. a3 Nc2 34. Bxc2 Rd2+ 35. Kg3 Rxc2 36. b4 Rc3 37. a4 Rb3 38. a5 Kg8 39. Na4 Bc4 40. Nc5 Rb2 41. Rb6 Kh7 42. Nxa6 Bxa6 43. Rxa6 Rxb4 44. Ra8 Kg6 45. a6 Ra4 46. a7 f5 47. h5+ Kf7 48. h6 Kg6 49. Rg8 Rxa7 50. Rxg7+ Rxg7 51. hxg7 Kxg7 52. Kf4 Kg6 53. Ke5 Kg5 1-0

[Event "Sachsen-Anhalt Verbandsliga 2017/18"]
[Site "Sachsen Anhalt"]
[Date "2018.04.14"]
[Round "8.5"]
[White "Nitsch, Thomas"]
[Black "Koenig, Marco"]
[Result "0-1"]
[WhiteElo "1837"]
[BlackElo "1996"]
[PlyCount "70"]
[EventDate "2017.12.22"]
[EventType "team-tourn"]
[EventRounds "9"]
[EventCountry "GER"]
[SourceTitle "EXT 2020"]
[Source "ChessBase"]
[SourceDate "2019.10.17"]
[SourceVersion "1"]
[SourceVersionDate "2019.10.17"]
[SourceQuality "1"]
[WhiteTeam "Halle Einheit"]
[BlackTeam "Magdeburg Aufbau Elbe II"]
[WhiteTeamCountry "GER"]
[BlackTeamCountry "GER"]

1. e4 c5 2. Nc3 Nc6 3. d3 g6 4. f4 d6 5. Nf3 Bg7 6. g3 e6 7. Bg2 Nge7 8. Be3 0-0 9. Qd2 Nd4 10. Nd1 Bd7 11. c3 Nxf3+ 12. Bxf3 Bc6 13. 0-0 b6 14. g4 f5 15. exf5 exf5 16. Bxc6 Nxc6 17. Qg2 d5 18. g5 Qd6 19. Bd2 b5 20. Rc1 Rfe8 21. Ne3 Rad8 22. Rf3 Re7 23. Re1 d4 24. Nc2 c4 25. dxc4 bxc4 26. Rxe7 Qxe7 27. Rf1 Qd6 28. Na3 dxc3 29. Bxc3 Bxc3 30. bxc3 Qxa3 31. Qxc6 Qxc3 32. Qe6+ Kf8 33. Re1 Qd4+ 34. Re3 c3 35. Kf2 Qxf4+ 0-1

[Event "Sachsen-Anhalt Verbandsliga 2017/18"]
[Site "Sachsen Anhalt"]
[Date "2017.11.12"]
[Round "2.5"]
[White "Koenig, Marco"]
[Black "Timoschenko, Enrico"]
[Result "0-1"]
[WhiteElo "2074"]
[BlackElo "2144"]
[PlyCount "78"]
[EventDate "2017.12.22"]
[EventType "team-tourn"]
[EventRounds "9"]
[EventCountry "GER"]
[SourceTitle "EXT 2020"]
[Source "ChessBase"]
[SourceDate "2019.10.17"]
[SourceVersion "1"]
[SourceVersionDate "2019.10.17"]
[SourceQuality "1"]
[WhiteTeam "Magdeburg Aufbau Elbe II"]
[BlackTeam "Magdeburg USC"]
[WhiteTeamCountry "GER"]
[BlackTeamCountry "GER"]

1. e4 d6 2. d4 g6 3. f4 Bg7 4. Nf3 Nf6 5. Nc3 0-0 6. Be2 Nc6 7. 0-0 Bg4 8. Be3 Re8 9. e5 Nd7 10. Ne4 Nb6 11. c4 d5 12. Ned2 dxc4 13. Nxc4 Nd5 14. Bc1 Qd7 15. h3 Bf5 16. g4 Bxg4 17. hxg4 Qxg4+ 18. Kh1 Bh6 19. Nh2 Qh4 20. f5 Bxc1 21. Rxc1 Nxd4 22. Bf3 Rad8 23. fxg6 hxg6 24. Qe1 Nxf3 25. Rxf3 Qg5 26. Qg1 Qh6 27. Rcf1 Rf8 28. Qxa7 b6 29. Qa4 f5 30. Qc6 Rf7 31. Rd1 Rh7 32. Rf2 Kg7 33. Rg1 Nf4 34. Qxc7 Re8 35. Rd1 Nh3 36. Rc2 Qf4 37. Qc6 Nf2+ 38. Rxf2 Qxf2 39. Qg2 Rxh2+ 0-1

[Event "Sachsen-Anhalt Verbandsliga 2017/18"]
[Site "Sachsen Anhalt"]
[Date "2017.10.22"]
[Round "1.4"]
[White "Koenig, Marco"]
[Black "Kretzschmar, Arnd"]
[Result "1-0"]
[WhiteElo "2074"]
[BlackElo "1986"]
[PlyCount "107"]
[EventDate "2017.12.22"]
[EventType "team-tourn"]
[EventRounds "9"]
[EventCountry "GER"]
[SourceTitle "EXT 2020"]
[Source "ChessBase"]
[SourceDate "2019.10.17"]
[SourceVersion "1"]
[SourceVersionDate "2019.10.17"]
[SourceQuality "1"]
[WhiteTeam "Magdeburg Aufbau Elbe II"]
[BlackTeam "Halle USV II"]
[WhiteTeamCountry "GER"]
[BlackTeamCountry "GER"]

1. e4 c5 2. Nf3 d6 3. d4 cxd4 4. Nxd4 Nf6 5. Nc3 g6 6. Be2 Bg7 7. Be3 0-0 8. 0-0 Nc6 9. Nb3 Ne5 10. f3 Be6 11. Nd5 Rc8 12. Rc1 Nc4 13. Bxc4 Rxc4 14. Qd3 b5 15. c3 Nxd5 16. exd5 Bf5 17. Qe2 Qa8 18. Rcd1 a5 19. Bd4 a4 20. Bxg7 Kxg7 21. Nd4 Qxd5 22. Qxe7 Qc5 23. Qxd6 a3 24. Qxc5 Rxc5 25. Nxf5+ gxf5 26. Rb1 Ra8 27. Rfc1 Kf6 28. Rc2 b4 29. c4 b3 30. axb3 a2 31. Ra1 Rca5 32. Kf2 Rb8 33. Rc3 Rd8 34. Ke2 Re5+ 35. Re3 Ra5 36. f4 Rd4 37. g3 Ra7 38. Rd3 Re4+ 39. Kd2 Ra6 40. Kc3 Re2 41. b4 Rxh2 42. b5 Ra8 43. b6 Re2 44. b7 Rb8 45. Rxa2 Rxb7 46. Ra6+ Ke7 47. b4 Re1 48. b5 Rc1+ 49. Kb4 Rb1+ 50. Kc5 Rc1 51. Kc6 Rb8 52. Kc7 Rg8 53. Rc6 Ra8 54. b6 1-0

[Event "Vellmar op 9th"]
[Site "Vellmar"]
[Date "2017.07.16"]
[Round "7"]
[White "Koenig, Marco"]
[Black "Humburg, Philipp"]
[Result "0-1"]
[WhiteElo "2068"]
[BlackElo "2229"]
[PlyCount "101"]
[EventDate "2017.07.13"]
[EventType "swiss"]
[EventRounds "7"]
[EventCountry "GER"]
[SourceTitle "CBM 179 Extra"]
[Source "ChessBase"]
[SourceDate "2017.08.23"]
[SourceVersion "1"]
[SourceVersionDate "2017.08.23"]
[SourceQuality "1"]

1. e4 c5 2. Nc3 e6 3. d3 Nc6 4. f4 d5 5. Nf3 Nf6 6. Be2 Be7 7. 0-0 a6 8. a4 b6 9. e5 Ng8 10. Kh1 Nh6 11. Nb1 Bb7 12. c3 d4 13. Nbd2 f5 14. Qb3 Na5 15. Qd1 0-0 16. Nc4 Nxc4 17. dxc4 dxc3 18. b3 Be4 19. Qe1 c2 20. Qc3 Ra7 21. h3 Rd7 22. Ra2 Qa8 23. Rg1 Rfd8 24. Kh2 Rd1 25. Qe3 Qc6 26. Ne1 Nf7 27. Nxc2 Rxg1 28. Qxg1 g5 29. Ne1 gxf4 30. Bxf4 Bg5 31. Qe3 Bxf4+ 32. Qxf4 Qc7 33. Bf3 Rd4 34. Re2 Qxe5 35. Qxe5 Nxe5 36. Bxe4 Rxe4 37. Rxe4 fxe4 38. Kg1 Nd3 39. Nc2 Nc1 40. b4 cxb4 41. Nxb4 a5 42. Nc2 Nd3 43. Na3 Nc5 44. Kf2 Nxa4 45. Ke3 Nc5 46. Kf4 Kf7 47. g4 a4 48. h4 Kf6 49. Nb5 e5+ 50. Ke3 Kg6 51. Nc3 0-1

[Event "Sachsen-Anhalt-ch 26th"]
[Site "Magdeburg"]
[Date "2016.05.06"]
[Round "3"]
[White "Paul, Johannes"]
[Black "Koenig, Marco"]
[Result "1/2-1/2"]
[WhiteElo "2297"]
[BlackElo "2084"]
[PlyCount "78"]
[EventDate "2016.05.05"]
[EventType "tourn"]
[EventRounds "7"]
[EventCountry "GER"]
[SourceTitle "EXT 2017"]
[Source "ChessBase"]
[SourceDate "2016.10.25"]
[SourceVersion "1"]
[SourceVersionDate "2016.10.25"]
[SourceQuality "1"]

1. c4 e6 2. g3 d5 3. Bg2 Nf6 4. Nf3 Be7 5. 0-0 0-0 6. d4 c6 7. Qc2 Nbd7 8. Nbd2 c5 9. dxc5 Nxc5 10. a3 b6 11. b4 Nce4 12. Nxe4 Nxe4 13. cxd5 exd5 14. Nd4 Bb7 15. Nc6 Bxc6 16. Qxc6 Rc8 17. Qb7 Nc3 18. Bf3 Bf6 19. Bf4 Re8 20. Rac1 Qe7 21. Qxe7 Rxe7 22. Rc2 Rd8 23. h4 h6 24. h5 d4 25. Rfc1 a5 26. Rd2 axb4 27. axb4 Nd5 28. Bxd5 Rxd5 29. Rc6 Re6 30. Rc8+ Kh7 31. Rc7 Rxh5 32. Rxf7 Be7 33. g4 Rb5 34. Rxd4 Bxb4 35. Rdd7 Bc3 36. e3 Rc5 37. Rb7 b5 38. Kg2 b4 39. Kf3 Rcc6 1/2-1/2

[Event "Potsdam Christmas 35th"]
[Site "Potsdam"]
[Date "2010.12.29"]
[Round "5.2"]
[White "Koenig, Marco"]
[Black "Hahlbohm, Matthias"]
[Result "0-1"]
[WhiteElo "2093"]
[BlackElo "2076"]
[PlyCount "92"]
[EventDate "2010.12.27"]
[EventType "swiss"]
[EventRounds "7"]
[EventCountry "GER"]
[SourceTitle "EXT 2022"]
[Source "ChessBase"]
[SourceDate "2021.10.06"]
[SourceVersion "1"]
[SourceVersionDate "2021.10.06"]
[SourceQuality "1"]

1. e4 e6 2. d4 d5 3. e5 c5 4. c3 Nc6 5. Nf3 Qb6 6. a3 a5 7. b3 Bd7 8. Be2 Nh6 9. 0-0 Nf5 10. g4 Nh6 11. h3 Be7 12. Be3 a4 13. b4 c4 14. Ne1 Ng8 15. Ng2 Qc7 16. Nd2 b5 17. f4 0-0-0 18. f5 h5 19. Nf4 hxg4 20. fxe6 fxe6 21. Bxg4 Bg5 22. Nxd5 Bxe3+ 23. Nxe3 Nh6 24. Ne4 Kb8 25. Nd6 Qb6 26. Qf3 g6 27. Qe4 Nf5 28. Kh2 Rh7 29. Ng2 Nce7 30. Nf4 Rdh8 31. Bxf5 gxf5 32. Qe3 Rh6 33. Rg1 Bc6 34. Rg3 Rh4 35. Nf7 Rf8 36. Ng5 Nd5 37. Nxd5 Bxd5 38. Qf2 Qc7 39. Nf3 Rh6 40. Ng1 Qh7 41. Rf1 Rh4 42. Qe2 f4 43. Rg4 Rxg4 44. Qxg4 Rg8 45. Qe2 Qg6 46. Qf2 Qg3+ 0-1